[Event "GER-chT U10"]
[Site "Magdeburg"]
[Date "2015.12.29"]
[Round "7.2"]
[White "Stein, Luis"]
[Black "Schmidtmann, Kimberly"]
[Result "0-1"]
[WhiteElo "943"]
[BlackElo "1086"]
[PlyCount "96"]
[EventDate "2015.12.27"]
[EventType "team-swiss"]
[EventRounds "7"]
[EventCountry "GER"]
[SourceTitle "EXT 2017"]
[Source "ChessBase"]
[SourceDate "2016.10.25"]
[SourceVersion "1"]
[SourceVersionDate "2016.10.25"]
[SourceQuality "1"]
[WhiteTeam "Peine"]
[BlackTeam "Paderborn Blauer Springer"]
[WhiteTeamCountry "GER"]
[BlackTeamCountry "GER"]

1. e4 e5 2. Nf3 Nc6 3. Nc3 Bc5 4. d3 Nf6 5. h3 d5 6. Bg5 dxe4 7. dxe4 Qxd1+ 8. Nxd1 Nxe4 9. Bd3 Nxg5 10. Nxg5 0-0 11. Bxh7+ Kh8 12. Be4 Nd4 13. 0-0 Bf5 14. Bxf5 Nxf5 15. Nf3 e4 16. Ng5 e3 17. a3 e2 18. Re1 exd1Q 19. Raxd1 Ng3 20. Rd5 Bb6 21. c4 c6 22. Rdd1 Rad8 23. Rxd8 Bxd8 24. Nf3 Bb6 25. Rc1 Ne2+ 26. Kf1 Nxc1 27. Ne5 Kg8 28. b4 Rd8 29. Kg1 Bc7 30. f4 Bxe5 31. fxe5 Rd4 32. c5 Re4 33. Kf2 Rxe5 34. Kf3 Re8 35. g4 b6 36. Kf4 bxc5 37. bxc5 Nb3 38. h4 Nxc5 39. g5 Nd3+ 40. Kf5 g6+ 41. Kg4 c5 42. Kf3 c4 43. Kg4 c3 44. Kf3 c2 45. Kg4 c1Q 46. Kg3 Qf4+ 47. Kg2 Qg4+ 48. Kf1 Re1# 0-1

[Event "GER-chT U10"]
[Site "Magdeburg"]
[Date "2015.12.28"]
[Round "4.2"]
[White "Sallandt, Frido"]
[Black "Stein, Luis"]
[Result "0-1"]
[WhiteElo "987"]
[BlackElo "943"]
[PlyCount "85"]
[EventDate "2015.12.27"]
[EventType "team-swiss"]
[EventRounds "7"]
[EventCountry "GER"]
[SourceTitle "EXT 2017"]
[Source "ChessBase"]
[SourceDate "2016.10.25"]
[SourceVersion "1"]
[SourceVersionDate "2016.10.25"]
[SourceQuality "1"]
[WhiteTeam "Bad Schwartau"]
[BlackTeam "Peine"]
[WhiteTeamCountry "GER"]
[BlackTeamCountry "GER"]

1. e4 e5 2. Nf3 Nc6 3. Bc4 h6 4. Nc3 Nf6 5. d3 Bc5 6. Be3 Bxe3 7. fxe3 d6 8. d4 Bd7 9. d5 Nb4 10. 0-0 Ng4 11. a3 Nxe3 12. Qe2 Nxf1 13. Qxf1 Nxc2 14. Rc1 Ne3 15. Qd3 Nxc4 16. Qxc4 0-0 17. Qb3 b6 18. Rf1 Qf6 19. Qd1 Qg6 20. Nh4 Qg4 21. Qxg4 Bxg4 22. h3 Bd7 23. Nf5 Bxf5 24. Rxf5 f6 25. Nb5 Rfc8 26. h4 a6 27. Nc3 Kf7 28. h5 Rg8 29. Rf2 g6 30. hxg6+ Rxg6 31. Nd1 b5 32. Ne3 a5 33. Rc2 Rc8 34. Rc6 a4 35. Nf5 h5 36. Nxd6+ cxd6 37. Rxc8 Rg3 38. Rh8 Rb3 39. Rxh5 Rxb2 40. Rh3 b4 41. axb4 Rxb4 42. Ra3 Rxe4 43. Kf2 0-1

[Event "GER-chT U10"]
[Site "Magdeburg"]
[Date "2015.12.28"]
[Round "5.2"]
[White "Stein, Luis"]
[Black "Kageler, Anton Paul"]
[Result "1-0"]
[WhiteElo "943"]
[BlackElo "964"]
[PlyCount "103"]
[EventDate "2015.12.27"]
[EventType "team-swiss"]
[EventRounds "7"]
[EventCountry "GER"]
[SourceTitle "EXT 2017"]
[Source "ChessBase"]
[SourceDate "2016.10.25"]
[SourceVersion "1"]
[SourceVersionDate "2016.10.25"]
[SourceQuality "1"]
[WhiteTeam "Peine"]
[BlackTeam "Halle Roter Turm II"]
[WhiteTeamCountry "GER"]
[BlackTeamCountry "GER"]

1. e4 c5 2. c4 Nc6 3. Nc3 d6 4. Nf3 Bd7 5. d4 cxd4 6. Nxd4 Nf6 7. Nxc6 Bxc6 8. f3 g6 9. Bd3 Bg7 10. Bf4 0-0 11. Qc2 e5 12. Be3 Qd7 13. Nd5 b6 14. Bg5 Nxd5 15. exd5 Bb7 16. 0-0 h6 17. Be3 Rac8 18. Qd2 a6 19. Bxh6 b5 20. Bxg7 Kxg7 21. cxb5 axb5 22. Be4 Qe7 23. Qe2 Ra8 24. a3 Qg5 25. Rf2 Ba6 26. Qd2 Qxd2 27. Rxd2 Bb7 28. Bd3 Rfd8 29. Bxb5 Ra5 30. Bc6 Rb8 31. Bxb7 Rxb7 32. b4 Ra6 33. Rc2 Rba7 34. Rc6 Rxa3 35. Rxa3 Rxa3 36. Rxd6 Rd3 37. b5 Kf8 38. b6 Ke7 39. Rc6 Rxd5 40. Rc7+ Kd8 41. Rxf7 Rb5 42. Rf6 Ke7 43. Rxg6 Rb1+ 44. Kf2 Rb2+ 45. Kg3 Kf7 46. Rc6 Rb5 47. Rc7+ Ke6 48. b7 Kd6 49. Rf7 Kc6 50. h4 Rxb7 51. Rxb7 Kxb7 52. h5 1-0